| 000 | 00879nam a22002417a 4500 | ||
|---|---|---|---|
| 999 |
_c92106 _d92106 |
||
| 005 | 20181004144021.0 | ||
| 008 | 150305b xxu||||| |||| 00| 0 eng d | ||
| 010 | _aB-598013 | ||
| 020 |
_a9789380231143 _c425.00 |
||
| 035 | _aB-598013 | ||
| 037 | _bUBH | ||
| 040 |
_adpl _ben |
||
| 082 | _a346.5407 | ||
| 100 | _aBangia, R. K. | ||
| 245 |
_aPriciples of Mercantile Law/ _cby R. K. Bangia; revised by Narender Kumar |
||
| 250 | _a6th ed | ||
| 260 |
_aFaridabad(Haryana) _bAllahabad Law Agency _c2013 |
||
| 270 |
_aPlot No. 33, 16/2 Mathura Road, _bFaridabad _k0129-2295647, 2295768 _l0129-4076099 |
||
| 300 |
_a870p _c24cm(pbk) |
||
| 700 | _dNarender Kumar | ||
| 942 |
_2ddc _cEN _h346.5407 _mBAN |
||